[Event "XVII. DBMM Schach"]
[Site "Berlin"]
[Date "2017.11.02"]
[Round "2.3"]
[White "Nehls, Gerhard"]
[Black "Zunk, Olaf"]
[Result "1/2-1/2"]
[WhiteElo "1531"]
[BlackElo "1352"]
[Annotator "br"]
[PlyCount "48"]
[EventDate "2017.??.??"]
[EventType "team-swiss"]
[EventRounds "7"]
[EventCountry "GER"]
[SourceTitle "XVII. DBMM 2017"]
[Source "FV Schach e.V."]
[SourceDate "2018.05.26"]
[SourceVersion "1"]
[SourceVersionDate "2018.05.26"]
[SourceQuality "1"]
[WhiteTeam "Europäisches Patentamt Muenchen II"]
[BlackTeam "ADAC Muenchen II"]
[WhiteTeamCountry "GER"]
[BlackTeamCountry "GER"]

1. Nf3 b6 2. d4 Bb7 3. c4 e6 4. a3 Nf6 5. Nc3 d5 6. e3 Bd6 7. Nb5 c6 8. Nxd6+
Qxd6 9. Qb3 dxc4 10. Bxc4 O-O 11. Bd2 Nbd7 12. Rd1 Ne4 13. Bb4 c5 14. dxc5
Ndxc5 15. Qc2 Qc7 16. Bd3 Rfd8 17. O-O h6 18. Bxc5 Nxc5 19. b4 Na6 20. Qe2 Nb8
21. Bb1 Nd7 22. Qb2 Rac8 23. Rc1 Qb8 24. Rfd1 Nf6 1/2-1/2

[Event "XVII. DBMM Schach"]
[Site "Berlin"]
[Date "2017.11.02"]
[Round "2.4"]
[White "Zunk, Steffi"]
[Black "Mueller, Gerd"]
[Result "0-1"]
[WhiteElo "801"]
[BlackElo "1867"]
[Annotator "br"]
[PlyCount "56"]
[EventDate "2017.??.??"]
[EventType "team-swiss"]
[EventRounds "7"]
[EventCountry "GER"]
[SourceTitle "XVII. DBMM 2017"]
[Source "FV Schach e.V."]
[SourceDate "2018.05.26"]
[SourceVersion "1"]
[SourceVersionDate "2018.05.26"]
[SourceQuality "1"]
[WhiteTeam "ADAC Muenchen II"]
[BlackTeam "Europäisches Patentamt Muenchen II"]
[WhiteTeamCountry "GER"]
[BlackTeamCountry "GER"]

1. e4 c5 2. Nc3 Nc6 3. Bc4 g6 4. Nf3 Bg7 5. d3 Nf6 6. Bg5 O-O 7. O-O d6 8. a3
Bg4 9. h3 Bxf3 10. Qxf3 Ne5 11. Qg3 Nxc4 12. dxc4 h6 13. Bd2 Nd7 14. Rad1 Ne5
15. b3 e6 16. Ne2 Qe7 17. f4 Nc6 18. Bc3 Rad8 19. b4 cxb4 20. axb4 d5 21. e5
dxc4 22. Nd4 Nxb4 23. Rb1 Nd5 24. f5 Nxc3 25. Qxc3 Bxe5 26. Qb4 Bxd4+ 27. Kh1
Qxb4 28. Rxb4 gxf5 0-1

[Event "XVII. DBMM Schach"]
[Site "Berlin"]
[Date "2017.11.03"]
[Round "3.1"]
[White "Thiede, Lars"]
[Black "Schulz, Michael"]
[Result "1-0"]
[WhiteElo "2433"]
[BlackElo "2204"]
[Annotator "ms"]
[PlyCount "53"]
[EventDate "2017.??.??"]
[EventType "team-swiss"]
[EventRounds "7"]
[EventCountry "GER"]
[SourceTitle "XVII. DBMM 2017"]
[Source "FV Schach e.V."]
[SourceDate "2018.05.26"]
[SourceVersion "1"]
[SourceVersionDate "2018.05.26"]
[SourceQuality "1"]
[WhiteTeam "BA Tempelhof Berlin"]
[BlackTeam "SV Osram Berlin"]
[WhiteTeamCountry "GER"]
[BlackTeamCountry "GER"]

1. Nf3 g6 2. g3 Bg7 3. c4 e5 4. Nc3 d6 5. Bg2 f5 6. d3 Nf6 7. O-O O-O 8. Rb1 a5
9. a3 h6 10. b4 g5 11. Qb3 f4 12. c5+ Kh8 13. cxd6 cxd6 14. bxa5 Nc6 15. Nb5
Nxa5 16. Qb4 Ra6 17. a4 Nd5 18. Qa3 Be6 19. Bd2 Qd7 20. Nc3 Nf6 21. Nb5 Nd5 22.
Nxd6 Rxd6 23. Bxa5 Ra8 24. Rxb7 Qxb7 25. Qxd6 Qc8 26. Bd2 Ra6 27. Qa3 1-0

[Event "XVII. DBMM Schach"]
[Site "Berlin"]
[Date "2017.11.03"]
[Round "3.2"]
[White "Rath, Alina"]
[Black "Schildt, Rene"]
[Result "1/2-1/2"]
[WhiteElo "2089"]
[BlackElo "2112"]
[Annotator "rgv"]
[PlyCount "99"]
[EventDate "2017.??.??"]
[EventType "team-swiss"]
[EventRounds "7"]
[EventCountry "GER"]
[SourceTitle "XVII. DBMM 2017"]
[Source "FV Schach e.V."]
[SourceDate "2018.05.26"]
[SourceVersion "1"]
[SourceVersionDate "2018.05.26"]
[SourceQuality "1"]
[WhiteTeam "SV Osram Berlin"]
[BlackTeam "BA Tempelhof Berlin"]
[WhiteTeamCountry "GER"]
[BlackTeamCountry "GER"]

1. c4 e6 2. Nc3 d5 3. d4 Nf6 4. Nf3 Be7 5. e3 O-O 6. Bd3 c5 7. O-O Nc6 8. b3
cxd4 9. exd4 Bd7 10. Qe2 Qc7 11. Nb5 Qb8 12. Bb2 Nb4 13. Bb1 dxc4 14. bxc4 Bxb5
15. cxb5 Qf4 16. Ne5 Nbd5 17. g3 Qh6 18. f4 Rac8 19. Bd3 Bb4 20. Rac1 Bc3 21.
Bxc3 Nxc3 22. Qb2 Ncd5 23. Qd2 Rcd8 24. Kg2 g6 25. Rfd1 Nd7 26. Qe2 Rfe8 27.
Be4 N7f6 28. Bf3 Qf8 29. Rc5 b6 30. Rc4 Rd6 31. Nc6 Rd7 32. Kf2 Ra8 33. Rc2 Qa3
34. Ne5 Rdd8 35. Nc6 Re8 36. Rd3 Qa4 37. Rb3 a5 38. Rc4 Nb4 39. Nxb4 axb4 40.
Bxa8 Qxa8 41. Rbxb4 Qh1 42. Rb3 Qxh2+ 43. Ke1 Qh1+ 44. Kd2 Qa1 45. Kd3 Rd8 46.
Rb2 Qg1 47. Qf3 Nd5 48. g4 Ra8 49. a4 Qa1 50. Rbc2 1/2-1/2

[Event "XVII. DBMM Schach"]
[Site "Berlin"]
[Date "2017.11.03"]
[Round "3.3"]
[White "Petenev, Yuriy"]
[Black "Gebert Vangeel, Ralf"]
[Result "1-0"]
[WhiteElo "1959"]
[BlackElo "2035"]
[Annotator "rgv"]
[PlyCount "79"]
[EventDate "2017.??.??"]
[EventType "team-swiss"]
[EventRounds "7"]
[EventCountry "GER"]
[SourceTitle "XVII. DBMM 2017"]
[Source "FV Schach e.V."]
[SourceDate "2018.05.26"]
[SourceVersion "1"]
[SourceVersionDate "2018.05.26"]
[SourceQuality "1"]
[WhiteTeam "BA Tempelhof Berlin"]
[BlackTeam "SV Osram Berlin"]
[WhiteTeamCountry "GER"]
[BlackTeamCountry "GER"]

1. d4 d5 2. c4 c6 3. e3 Nf6 4. Nc3 e6 5. Nf3 Nbd7 6. a3 Be7 7. c5 Qc7 8. b4 e5
9. dxe5 Nxe5 10. Be2 a5 11. Na4 Bf5 12. Bb2 Nxf3+ 13. Bxf3 O-O 14. Qd4 Ne8 15.
Nb6 Rd8 16. bxa5 Bf6 17. Qd2 Be5 18. h3 f6 19. O-O Qe7 20. Rac1 Nc7 21. Rfd1
Ne6 22. Bd4 Qc7 23. Bb2 Ng5 24. Bg4 Ne4 25. Bxe5 fxe5 26. Qe2 Bxg4 27. Qxg4 Qe7
28. f3 Nf6 29. Qb4 Nh5 30. Qa4 Qg5 31. Rc3 Ng3 32. Qc2 Nf5 33. Qf2 d4 34. exd4
exd4 35. Rcd3 Ne3 36. Re1 Qxc5 37. Qd2 Kh8 38. Na4 Qg5 39. Re2 Qf4 40. Nc5 1-0

[Event "XVII. DBMM Schach"]
[Site "Berlin"]
[Date "2017.11.03"]
[Round "3.4"]
[White "Eisermann, Daniel"]
[Black "Kettenburg, Stefan"]
[Result "1-0"]
[WhiteElo "1937"]
[BlackElo "2063"]
[Annotator "rgv"]
[PlyCount "92"]
[EventDate "2017.??.??"]
[EventType "team-swiss"]
[EventRounds "7"]
[EventCountry "GER"]
[SourceTitle "XVII. DBMM 2017"]
[Source "FV Schach e.V."]
[SourceDate "2018.05.26"]
[SourceVersion "1"]
[SourceVersionDate "2018.05.26"]
[SourceQuality "1"]
[WhiteTeam "SV Osram Berlin"]
[BlackTeam "BA Tempelhof Berlin"]
[WhiteTeamCountry "GER"]
[BlackTeamCountry "GER"]

1. e4 c6 2. d4 d5 3. exd5 cxd5 4. Bd3 Nc6 5. c3 Nf6 6. Bf4 Bg4 7. Qb3 Qc8 8.
Nd2 e6 9. Ngf3 Be7 10. O-O O-O 11. Ne5 Bh5 12. Rfe1 Nxe5 13. Bxe5 Nd7 14. Bf4
Bg6 15. Bxg6 hxg6 16. Rac1 Qc6 17. c4 Nb6 18. c5 Nd7 19. Nf3 Rfc8 20. Qd3 a5
21. Rc3 a4 22. Rec1 Qa6 23. Qe3 Nf8 24. h4 f6 25. g4 Rc6 26. g5 Kf7 27. gxf6
gxf6 28. Bg3 Kg7 29. Nh2 Nd7 30. Ng4 Rh8 31. Qf3 Rh5 32. Ne3 f5 33. Ng2 Bf6 {=}
34. Qe3 g5 35. hxg5 Bxg5 36. Nf4 Bxf4 37. Bxf4 Qa5 38. Qe2 Rh4 39. Rg3+ Kf7 40.
Be5 Rh7 41. Rcc3 Qd8 42. Rh3 Qg5+ 43. Rcg3 Qc1+ 44. Kh2 Rxh3+ 45. Rxh3 Qg5 46.
Rh7+ Kf8 1-0

[Event "XVII. DBMM Schach"]
[Site "Berlin"]
[Date "2017.11.03"]
[Round "3.1"]
[White "Hoffmann, Hendrik"]
[Black "Ozerov, Ilja"]
[Result "1-0"]
[WhiteElo "2281"]
[BlackElo "2161"]
[Annotator "rgv"]
[PlyCount "111"]
[EventDate "2017.??.??"]
[EventType "team-swiss"]
[EventRounds "7"]
[EventCountry "GER"]
[SourceTitle "XVII. DBMM 2017"]
[Source "FV Schach e.V."]
[SourceDate "2018.05.26"]
[SourceVersion "1"]
[SourceVersionDate "2018.05.26"]
[SourceQuality "1"]
[WhiteTeam "le-tex GmbH Leipzig"]
[BlackTeam "RWE Essen"]
[WhiteTeamCountry "GER"]
[BlackTeamCountry "GER"]

1. e4 d6 2. d4 g6 3. Nf3 Bg7 4. h3 a6 5. c4 Nd7 6. Nc3 c5 7. d5 Ngf6 8. Bd3 Ne5
9. Nxe5 dxe5 10. O-O O-O 11. a3 Bd7 12. b4 cxb4 13. axb4 Nh5 14. c5 Nf4 15. Re1
Qc8 16. Bf1 g5 17. Na4 Bxa4 18. Rxa4 Qd7 19. Ra3 Rad8 20. Qc2 g4 21. c6 Qc8 22.
hxg4 e6 23. g3 Ng6 24. Qa2 exd5 25. exd5 Qxg4 26. Qc4 Qc8 27. Bg2 e4 28. Be3
bxc6 29. Qxc6 Qg4 30. d6 f5 31. Bb6 Rb8 32. d7 Bf6 33. Qd5+ Kh8 34. Bd4 Rbd8
35. Rxa6 Bxd4 36. Qxd4+ Kg8 37. Ra3 f4 38. Bf1 h5 39. Qxe4 Rxd7 40. Bc4+ Kg7
41. Be6 fxg3 42. Bxg4 gxf2+ 43. Kg2 fxe1=Q 44. Qxe1 hxg4 45. Qa1+ Kh6 46. Ra7
Rd2+ {=} 47. Kg1 Rd3 48. Qc1+ Rf4 49. Ra3 Rdd4 50. b5 Rb4 51. Ra6 Kh5 52. b6
Rb5 53. Ra1 Rfb4 54. Qd2 Rxb6 55. Ra5+ R4b5 56. Qb4 1-0

[Event "XVII. DBMM Schach"]
[Site "Berlin"]
[Date "2017.11.03"]
[Round "3.2"]
[White "Broszeit, Peter"]
[Black "Heinrich, Thomas"]
[Result "0-1"]
[WhiteElo "1950"]
[BlackElo "2215"]
[Annotator "rgv"]
[PlyCount "70"]
[EventDate "2017.??.??"]
[EventType "team-swiss"]
[EventRounds "7"]
[EventCountry "GER"]
[SourceTitle "XVII. DBMM 2017"]
[Source "FV Schach e.V."]
[SourceDate "2018.05.26"]
[SourceVersion "1"]
[SourceVersionDate "2018.05.26"]
[SourceQuality "1"]
[WhiteTeam "RWE Essen"]
[BlackTeam "le-tex GmbH Leipzig"]
[WhiteTeamCountry "GER"]
[BlackTeamCountry "GER"]

1. e4 Nf6 2. e5 Nd5 3. d4 d6 4. exd6 exd6 5. c4 Nb6 6. Nc3 Be7 7. Be3 O-O 8.
Nf3 Bg4 9. h3 Bh5 10. Be2 Nc6 11. c5 Bxf3 12. Bxf3 Nc4 13. O-O Nxe3 14. fxe3
dxc5 15. Nd5 cxd4 16. exd4 Bd6 17. Qd3 Qh4 18. Be4 Rae8 19. Nc3 Nb4 20. Qf3 c6
21. Rad1 f5 22. Bb1 g6 23. a3 Na6 24. d5 Bc5+ 25. Kh1 Re3 26. Qf4 Qxf4 27. Rxf4
Rd8 28. Rff1 Nb8 29. dxc6 Nxc6 30. Rxd8+ Nxd8 31. Rd1 Nc6 32. Rd7 f4 33. Ba2+
Kf8 34. Nd5 Re1+ 35. Kh2 Bf2 0-1

[Event "XVII. DBMM Schach"]
[Site "Berlin"]
[Date "2017.11.03"]
[Round "3.3"]
[White "Rohne, Lars"]
[Black "Broksch, Dirk"]
[Result "1-0"]
[WhiteElo "2145"]
[BlackElo "1902"]
[Annotator "rgv"]
[PlyCount "87"]
[EventDate "2017.??.??"]
[EventType "team-swiss"]
[EventRounds "7"]
[EventCountry "GER"]
[SourceTitle "XVII. DBMM 2017"]
[Source "FV Schach e.V."]
[SourceDate "2018.05.26"]
[SourceVersion "1"]
[SourceVersionDate "2018.05.26"]
[SourceQuality "1"]
[WhiteTeam "le-tex GmbH Leipzig"]
[BlackTeam "RWE Essen"]
[WhiteTeamCountry "GER"]
[BlackTeamCountry "GER"]

1. e4 c5 2. Nc3 e6 3. f4 d6 4. Nf3 a6 5. d4 cxd4 6. Qxd4 Nc6 7. Qf2 Nf6 8. h3
b5 9. Bd3 Nb4 10. Be3 Nxd3+ 11. cxd3 Bb7 12. O-O Be7 13. Rac1 Rc8 14. Bb6 Qd7
15. Ne2 O-O 16. Ba5 Rxc1 17. Rxc1 Rc8 18. Bc3 d5 19. e5 Ne8 20. b4 Rc7 21. a3
Qc8 22. Nfd4 g6 23. g4 Ng7 24. Kh2 Bf8 25. Nb3 Be7 26. Bd4 Rxc1 27. Nexc1 Qc6
28. Bc5 Bc8 29. Nd4 Qd7 30. Ncb3 h5 31. Bd6 Bd8 32. Nf3 hxg4 33. hxg4 Ne8 34.
Bc5 Bb7 35. Nbd4 Ng7 36. Kg3 Qc7 37. Qh2 a5 38. Qh6 axb4 39. axb4 Qd7 40. Ng5
Bxg5 41. Qxg5 Bc8 42. Qh4 Ne8 43. Qh6 Ng7 44. Nf3 1-0

[Event "XVII. DBMM Schach"]
[Site "Berlin"]
[Date "2017.11.03"]
[Round "3.1"]
[White "Welke, Klaus"]
[Black "Jacob, Volker"]
[Result "1-0"]
[WhiteElo "2169"]
[BlackElo "2233"]
[Annotator "rgv"]
[PlyCount "63"]
[EventDate "2017.??.??"]
[EventType "team-swiss"]
[EventRounds "7"]
[EventCountry "GER"]
[SourceTitle "XVII. DBMM 2017"]
[Source "FV Schach e.V."]
[SourceDate "2018.05.26"]
[SourceVersion "1"]
[SourceVersionDate "2018.05.26"]
[SourceQuality "1"]
[WhiteTeam "Deutsche Post Bonn II"]
[BlackTeam "Wiley United Weinheim"]
[WhiteTeamCountry "GER"]
[BlackTeamCountry "GER"]

1. d4 g6 2. c4 Bg7 3. Nc3 d6 4. e4 Nc6 5. Be3 e5 6. d5 Nce7 7. Bd3 Nf6 8. f3 c6
9. Qd2 O-O 10. Nge2 cxd5 11. cxd5 Bd7 12. O-O Ne8 13. a4 f5 14. Nb5 f4 15. Bf2
Nc8 16. Qb4 a5 17. Qb3 g5 18. Nbc3 Rb8 19. Bb5 h5 20. Bxd7 Qxd7 21. Nb5 Bf6 22.
Rfc1 Bd8 23. Rc3 Qg7 24. Rac1 Ne7 25. Na7 Nf6 26. Nc6 bxc6 27. Qxb8 cxd5 28.
Qxd6 dxe4 29. Qxe5 e3 30. Be1 Kh7 31. Rc5 Rg8 32. Bc3 1-0

[Event "XVII. DBMM Schach"]
[Site "Berlin"]
[Date "2017.11.03"]
[Round "3.2"]
[White "Spiegel, Stefan"]
[Black "Brandes, Stephan"]
[Result "1/2-1/2"]
[WhiteElo "2144"]
[BlackElo "2166"]
[Annotator "rgv"]
[PlyCount "40"]
[EventDate "2017.??.??"]
[EventType "team-swiss"]
[EventRounds "7"]
[EventCountry "GER"]
[SourceTitle "XVII. DBMM 2017"]
[Source "FV Schach e.V."]
[SourceDate "2018.05.26"]
[SourceVersion "1"]
[SourceVersionDate "2018.05.26"]
[SourceQuality "1"]
[WhiteTeam "Wiley United Weinheim"]
[BlackTeam "Deutsche Post Bonn II"]
[WhiteTeamCountry "GER"]
[BlackTeamCountry "GER"]

1. e4 c5 2. Nc3 a6 3. a4 Nc6 4. f4 d6 5. Nf3 Nf6 6. Be2 e6 7. O-O Be7 8. d3 Rb8
9. h3 b5 10. axb5 axb5 11. Be3 O-O 12. g4 d5 13. e5 d4 14. exf6 Bxf6 15. g5 Be7
16. Bd2 dxc3 17. bxc3 e5 18. h4 exf4 19. Bxf4 Bd6 20. Nd2 Bh3 1/2-1/2

[Event "XVII. DBMM Schach"]
[Site "Berlin"]
[Date "2017.11.03"]
[Round "3.3"]
[White "Kutzner, Stephen"]
[Black "Calder, Dennis"]
[Result "1-0"]
[WhiteElo "2086"]
[BlackElo "1930"]
[Annotator "rgv"]
[PlyCount "80"]
[EventDate "2017.??.??"]
[EventType "team-swiss"]
[EventRounds "7"]
[EventCountry "GER"]
[SourceTitle "XVII. DBMM 2017"]
[Source "FV Schach e.V."]
[SourceDate "2018.05.26"]
[SourceVersion "1"]
[SourceVersionDate "2018.05.26"]
[SourceQuality "1"]
[WhiteTeam "Deutsche Post Bonn II"]
[BlackTeam "Wiley United Weinheim"]
[WhiteTeamCountry "GER"]
[BlackTeamCountry "GER"]

1. e4 e5 2. Nf3 Nc6 3. Bb5 a6 4. Ba4 Nf6 5. O-O b5 6. Bb3 Bb7 7. d3 Bd6 8. c3
O-O 9. Bg5 h6 10. Bh4 Re8 11. Nbd2 Bf8 12. Re1 g5 13. Bg3 d6 14. Nf1 Bg7 15.
Ne3 Ne7 16. a4 Qd7 17. Bxe5 Ng4 18. Bxg7 Nxe3 19. Rxe3 Kxg7 20. Nd4 c5 21. Qh5
d5 22. Rf3 f6 23. Nf5+ Nxf5 24. exf5 Qf7 25. Qxf7+ Kxf7 26. Re3 c4 27. Bc2 Bc6
28. a5 Bd7 29. dxc4 Rxe3 30. fxe3 bxc4 31. b4 cxb3 32. Bxb3 Bc6 33. Rd1 Rb8 34.
Bxd5+ Bxd5 35. Rxd5 Rb3 36. Rd7+ Ke8 37. Rd6 Rxc3 38. Rxa6 Kf7 39. Ra7+ Kg8 40.
Kf2 g4 1-0

[Event "XVII. DBMM Schach"]
[Site "Berlin"]
[Date "2017.11.03"]
[Round "3.4"]
[White "Hartmann, Matthias"]
[Black "Biedekoepper, Robert"]
[Result "1-0"]
[WhiteElo "1849"]
[BlackElo "1986"]
[Annotator "rgv"]
[PlyCount "79"]
[EventDate "2017.??.??"]
[EventType "team-swiss"]
[EventRounds "7"]
[EventCountry "GER"]
[SourceTitle "XVII. DBMM 2017"]
[Source "FV Schach e.V."]
[SourceDate "2018.05.26"]
[SourceVersion "1"]
[SourceVersionDate "2018.05.26"]
[SourceQuality "1"]
[WhiteTeam "Wiley United Weinheim"]
[BlackTeam "Deutsche Post Bonn II"]
[WhiteTeamCountry "GER"]
[BlackTeamCountry "GER"]

1. Nf3 d5 2. d4 c5 3. e3 Nf6 4. b3 cxd4 5. exd4 Nc6 6. Bb2 Bg4 7. Be2 e6 8.
Nbd2 Qa5 9. O-O Ba3 10. Bxa3 Qxa3 11. c4 O-O 12. c5 Rfd8 13. h3 Bh5 14. g4 Bg6
15. Bb5 Rac8 16. Bxc6 bxc6 17. Ne5 Qb2 18. Nxg6 hxg6 19. Nf3 Ne4 20. Ne5 Rc7
21. Kg2 g5 22. Nf3 f6 23. Qe1 Kf7 24. Qa5 Rdd7 25. Rab1 Qc3 26. Qxc3 {=} Nxc3
27. Rb2 Rb7 28. Re1 Rd8 29. Rc2 Ne4 30. Ng1 Rb4 31. f3 Rxd4 32. fxe4 dxe4 33.
Rf1 g6 34. Rcf2 f5 35. gxf5 exf5 36. Ne2 Rd2 37. Ng3 e3 38. Rxd2 Rxd2+ 39. Kf3
f4 40. Ne4 1-0

[Event "XVII. DBMM Schach"]
[Site "Berlin"]
[Date "2017.11.03"]
[Round "3.1"]
[White "Domingo, Miguel"]
[Black "Muse, Mladen"]
[Result "0-1"]
[WhiteElo "2184"]
[BlackElo "2391"]
[Annotator "rgv"]
[PlyCount "76"]
[EventDate "2017.??.??"]
[EventType "team-swiss"]
[EventRounds "7"]
[EventCountry "GER"]
[SourceTitle "XVII. DBMM 2017"]
[Source "FV Schach e.V."]
[SourceDate "2018.05.26"]
[SourceVersion "1"]
[SourceVersionDate "2018.05.26"]
[SourceQuality "1"]
[WhiteTeam "Europäisches Patentamt Muenchen"]
[BlackTeam "Deutsche Bahn/BSW Berlin"]
[WhiteTeamCountry "GER"]
[BlackTeamCountry "GER"]

{Waiting for moves from server...} 1. c4 Nf6 2. g3 e5 3. Bg2 c6 4. d4 exd4 5.
Qxd4 Na6 6. Nf3 Bc5 7. Qe5+ Be7 8. Nc3 O-O 9. O-O Re8 10. Qd4 Nc5 11. b3 a5 12.
Na4 Nfe4 13. Bf4 Nxa4 14. bxa4 Bc5 15. Qd3 Qf6 16. Be3 d6 17. Bd4 Bxd4 18. Nxd4
Nc5 19. Qd2 Ra6 20. Nb3 Nxa4 21. Rac1 Qb2 22. Rc2 Qa3 23. Rd1 Bf5 24. Rcc1 Raa8
25. f3 Nb2 26. Re1 Be6 27. c5 a4 28. Na5 dxc5 29. Nxb7 Qb4 30. Qxb4 cxb4 31. a3
bxa3 32. Rxc6 Bd5 33. Rc7 Ra7 34. f4 Bxg2 35. Kxg2 g6 36. Nd6 Rxc7 37. Nxe8 Rc6
38. g4 Kf8 0-1

[Event "XVII. DBMM Schach"]
[Site "Berlin"]
[Date "2017.11.03"]
[Round "3.2"]
[White "Muse, Drazen"]
[Black "Bohnhoff, Peter"]
[Result "1-0"]
[WhiteElo "2356"]
[BlackElo "2042"]
[Annotator "rgv"]
[PlyCount "59"]
[EventDate "2017.??.??"]
[EventType "team-swiss"]
[EventRounds "7"]
[EventCountry "GER"]
[SourceTitle "XVII. DBMM 2017"]
[Source "FV Schach e.V."]
[SourceDate "2018.05.26"]
[SourceVersion "1"]
[SourceVersionDate "2018.05.26"]
[SourceQuality "1"]
[WhiteTeam "Deutsche Bahn/BSW Berlin"]
[BlackTeam "Europäisches Patentamt Muenchen"]
[WhiteTeamCountry "GER"]
[BlackTeamCountry "GER"]

{Waiting for moves from server...} 1. Nf3 d6 2. d4 f5 3. Nc3 Nf6 4. Bg5 e6 5.
e4 fxe4 6. Bxf6 Qxf6 7. Nxe4 Qh6 8. Neg5 Be7 9. Qd2 Nc6 10. h4 Bxg5 11. Qxg5
Qxg5 12. hxg5 g6 13. Bd3 O-O 14. O-O-O Bd7 15. Rh4 Kg7 16. Rdh1 Rh8 17. Nd2 Ne7
18. Ne4 Nf5 19. R4h2 Bc6 20. Nf6 h6 21. Bxf5 gxf5 22. Rxh6 Rxh6 23. Rxh6 Bxg2
24. Nh5+ Kf7 25. Nf4 Bd5 26. Rh7+ Kg8 27. Rxc7 Re8 28. Nh5 Rd8 29. Nf6+ Kf8 30.
g6 1-0

[Event "XVII. DBMM Schach"]
[Site "Berlin"]
[Date "2017.11.03"]
[Round "3.4"]
[White "Kleeschaetzky, Ralf"]
[Black "Santos, Paulo"]
[Result "1/2-1/2"]
[WhiteElo "2239"]
[BlackElo "1817"]
[Annotator "rgv"]
[PlyCount "43"]
[EventDate "2017.??.??"]
[EventType "team-swiss"]
[EventRounds "7"]
[EventCountry "GER"]
[SourceTitle "XVII. DBMM 2017"]
[Source "FV Schach e.V."]
[SourceDate "2018.05.26"]
[SourceVersion "1"]
[SourceVersionDate "2018.05.26"]
[SourceQuality "1"]
[WhiteTeam "Deutsche Bahn/BSW Berlin"]
[BlackTeam "Europäisches Patentamt Muenchen"]
[WhiteTeamCountry "GER"]
[BlackTeamCountry "GER"]

{Waiting for moves from server...} 1. Nf3 Nf6 2. c4 e6 3. g3 d5 4. Bg2 c6 5. b3
Be7 6. Bb2 O-O 7. O-O Nbd7 8. Qc2 b5 9. d4 bxc4 10. bxc4 dxc4 11. Nbd2 Bb7 12.
Ne5 Nxe5 13. dxe5 Nd5 14. Nxc4 Qc7 15. Rac1 Rfd8 16. a3 Rab8 17. Be4 h6 18. Bd3
Nb6 19. Na5 c5 20. Nxb7 Qxb7 21. Rb1 Qd7 22. Rfd1 1/2-1/2

[Event "XVII. DBMM Schach"]
[Site "Berlin"]
[Date "2017.11.03"]
[Round "3.1"]
[White "Gohil, Harry"]
[Black "Seger, Ruediger"]
[Result "1/2-1/2"]
[WhiteElo "2254"]
[BlackElo "2342"]
[Annotator "rgv"]
[PlyCount "58"]
[EventDate "2017.??.??"]
[EventType "team-swiss"]
[EventRounds "7"]
[EventCountry "GER"]
[SourceTitle "XVII. DBMM 2017"]
[Source "FV Schach e.V."]
[SourceDate "2018.05.26"]
[SourceVersion "1"]
[SourceVersionDate "2018.05.26"]
[SourceQuality "1"]
[WhiteTeam "Commerzbank Frankfurt"]
[BlackTeam "Deutsche Post Bonn"]
[WhiteTeamCountry "GER"]
[BlackTeamCountry "GER"]

1. d4 Nf6 2. Bg5 e6 3. e4 h6 4. Bxf6 Qxf6 5. c3 d5 6. Nd2 c5 7. Ngf3 Nc6 8. Bb5
Bd7 9. O-O cxd4 10. exd5 exd5 11. Nxd4 Be7 12. Qb3 Qd6 13. N2f3 O-O 14. Bd3
Nxd4 15. Nxd4 Bf6 16. Nf5 Bxf5 17. Bxf5 d4 18. c4 Qc6 19. Qd3 Rfe8 20. b4 a5
21. a3 Re5 22. Bg4 Qe8 23. Rab1 axb4 24. axb4 Re7 25. Bf3 Ra2 26. g3 Qa4 27.
Qf5 Qd7 28. Qd3 Qa4 29. Qf5 Qd7 1/2-1/2

[Event "XVII. DBMM Schach"]
[Site "Berlin"]
[Date "2017.11.03"]
[Round "3.2"]
[White "Gikas, Andreas Basilius"]
[Black "Hummel, Dennis"]
[Result "1-0"]
[WhiteElo "2191"]
[BlackElo "2029"]
[Annotator "rgv"]
[PlyCount "119"]
[EventDate "2017.??.??"]
[EventType "team-swiss"]
[EventRounds "7"]
[EventCountry "GER"]
[SourceTitle "XVII. DBMM 2017"]
[Source "FV Schach e.V."]
[SourceDate "2018.05.26"]
[SourceVersion "1"]
[SourceVersionDate "2018.05.26"]
[SourceQuality "1"]
[WhiteTeam "Deutsche Post Bonn"]
[BlackTeam "Commerzbank Frankfurt"]
[WhiteTeamCountry "GER"]
[BlackTeamCountry "GER"]

1. e4 e6 2. d4 d5 3. Nc3 Bb4 4. e5 c5 5. a3 Bxc3+ 6. bxc3 Ne7 7. a4 Qa5 8. Bd2
Bd7 9. Nf3 Nbc6 10. Bb5 Rc8 11. O-O O-O 12. Re1 f5 13. exf6 Rxf6 14. Ne5 Qd8
15. Bxc6 Bxc6 16. dxc5 h6 17. Be3 Ng6 18. Bd4 Nxe5 19. Rxe5 Qd7 20. a5 a6 21.
Qg4 Qf7 22. Rae1 Re8 23. g3 Qg6 24. Qxg6 Rxg6 25. h4 Kf7 26. Kg2 Rf6 27. g4 Bd7
28. Kg3 Kf8 29. f4 Rf7 30. h5 Rc8 31. Rb1 Rc7 32. Rb6 Bc8 33. Re1 Rc6 34. Rb4
Re7 35. Be5 Kf7 36. Bd6 Re8 37. Re5 Rg8 38. Rb1 g6 39. Rh1 Bd7 40. hxg6+ Rxg6
41. Rb1 Bc8 42. Kh4 Kf6 43. g5+ Kg7 44. Rbe1 Bd7 45. Rb1 Bc8 46. Rg1 Kh7 47. f5
exf5 48. Re7+ Kg8 49. Kh5 Rxg5+ 50. Rxg5+ hxg5 51. Kg6 Kf8 52. Re5+ Rxd6+ 53.
cxd6 g4 54. Kg5 g3 55. Kf4 g2 56. Re1 Kf7 57. Ke5 Bd7 58. Rg1 Bc6 59. Rxg2 d4
60. Rd2 1-0

[Event "XVII. DBMM Schach"]
[Site "Berlin"]
[Date "2017.11.03"]
[Round "3.3"]
[White "Fischer, Alexander"]
[Black "Lunnebach, Oliver"]
[Result "1/2-1/2"]
[WhiteElo "2043"]
[BlackElo "2086"]
[Annotator "rgv"]
[PlyCount "90"]
[EventDate "2017.??.??"]
[EventType "team-swiss"]
[EventRounds "7"]
[EventCountry "GER"]
[SourceTitle "XVII. DBMM 2017"]
[Source "FV Schach e.V."]
[SourceDate "2018.05.26"]
[SourceVersion "1"]
[SourceVersionDate "2018.05.26"]
[SourceQuality "1"]
[WhiteTeam "Commerzbank Frankfurt"]
[BlackTeam "Deutsche Post Bonn"]
[WhiteTeamCountry "GER"]
[BlackTeamCountry "GER"]

1. d4 Nf6 2. c4 e6 3. Nc3 d5 4. cxd5 exd5 5. Bg5 Be7 6. e3 c6 7. Bd3 Nbd7 8.
Nge2 Ne4 9. Bf4 Ndf6 10. O-O O-O 11. Qc2 Nxc3 12. bxc3 h6 13. h3 Bd6 14. Bxd6
Qxd6 15. f3 c5 16. Qd2 Re8 17. Rfe1 b6 18. c4 cxd4 19. Nxd4 dxc4 20. Bxc4 Bd7
21. Rad1 Ba4 22. Bb3 Bxb3 23. Nxb3 Qe7 24. Qd6 Qb7 25. e4 Re7 26. Nd4 Ne8 27.
Qc6 Qxc6 28. Nxc6 Rc7 29. Nd4 a6 30. Kf2 Rac8 31. Re2 Kf8 32. Nf5 h5 33. Nd6
Rd8 34. Nxe8 Kxe8 35. Rxd8+ Kxd8 36. Rd2+ Rd7 37. Rc2 Ke7 38. Ke3 g5 39. e5 Rd5
40. Ke4 Ra5 41. Rb2 f6 42. exf6+ Kf7 43. h4 Ra4+ 44. Kf5 Ra5+ 45. Ke4 Ra4+
1/2-1/2